Library Logo

শহীদ সাবের ১৯৩০-১৯৭১ / (Record no. 111570)

000 -LEADER
fixed length control field 00658nam a22001817a 4500
003 - CONTROL NUMBER IDENTIFIER
control field BD-DhUL
005 - DATE AND TIME OF LATEST TRANSACTION
control field 20161019123911.0
008 - FIXED-LENGTH DATA ELEMENTS--GENERAL INFORMATION
fixed length control field 161019s1989 bg a|||| |||| 000 0 ben d
040 ## - CATALOGING SOURCE
Original cataloging agency BD-DhUL
Transcribing agency BD-DhUL
082 ## - DEWEY DECIMAL CLASSIFICATION NUMBER
Classification number 891.4409
Item number IDS
100 1# - MAIN ENTRY--PERSONAL NAME
Personal name আলী, মুহম্মদ ইদরিস
245 10 - TITLE STATEMENT
Title শহীদ সাবের ১৯৩০-১৯৭১ /
Statement of responsibility, etc. মুহম্মদ ইদরিস আলী
260 ## - PUBLICATION, DISTRIBUTION, ETC. (IMPRINT)
Place of publication, distribution, etc. ঢাকা :
Name of publisher, distributor, etc. বাংলাএকাডেমী,
Date of publication, distribution, etc. ১৯৮৯.
300 ## - PHYSICAL DESCRIPTION
Extent ১০৫পৃ. :
Other physical details চিত্র ;
Dimensions ২২ সে.মি.
650 #0 - SUBJECT ADDED ENTRY--TOPICAL TERM
Topical term or geographic name as entry element জীবনী
650 #0 - SUBJECT ADDED ENTRY--TOPICAL TERM
Topical term or geographic name as entry element Biography
942 ## - ADDED ENTRY ELEMENTS (KOHA)
Source of classification or shelving scheme
Koha item type Books
Holdings
Price effective from Date last seen Permanent Location Not for loan Date acquired Source of classification or shelving scheme Koha item type Lost status Withdrawn status Copy number Source of acquisition Collection code Damaged status Shelving location Barcode Current Location Full call number
2016-10-192016-10-19Dhaka University Library 2016-10-19 Books  3PurchasedNon Fiction General Stacks334141Dhaka University Library891.4409 IDS
2016-10-192016-10-19Dhaka University Library 2016-10-19 Books  1PurchasedNon Fiction General Stacks334139Dhaka University Library891.4409 IDS
2016-10-192016-10-19Dhaka University Library 2016-10-19 Books  2PurchasedNon Fiction General Stacks334140Dhaka University Library891.4409 IDS
Last Updated on September 15, 2019
© Dhaka University Library. All Rights Reserved|Staff Login